000 00524nam a2200205Ia 4500
003 GCL
008 140319s9999 xx 000 0 eng d
020 _a9770038369
040 _aGCL /
_cGCL
082 0 4 _a616.01
_bM M
100 1 _aABLA M. EL-MISHAD
245 1 0 _aMANUAL OF MEDICAL MICROBIOLOGY /
_cABLA M. EL-MISHAD
250 _aFIRST
260 _a[S.N] :
_bTHE AUTHOR ،
_c1992
300 _a24 CM ؛
_c168 P
650 0 4 _aMEDICAL CARE
650 0 4 _aMICROBIOLOGY
650 0 4 _aMICRO ORGANISMS
942 _2ddc
_cBK
999 _c9561
_d9561